[Event "XI R.K.Belyaev Memorial"]
[Site "?"]
[Date "2009.05.26"]
[Round "8"]
[White "Kovsharev, Valery"]
[Black "Maksimov, Sergei"]
[Result "1-0"]
[WhiteElo "2282"]
[BlackElo "2233"]
[PlyCount "47"]
[SourceDate "2009.05.19"]

1. e4 c5 2. Nc3 g6 3. f4 Bg7 4. Nf3 Nc6 5. Bc4 Nh6 6. O-O O-O 7. d3 d6 8. h3
Kh8 9. Qe1 e5 10. Be3 f5 11. Qd2 exf4 12. Bxf4 Nf7 13. Kh1 Nfe5 14. Bd5 Nd4 15.
Nxd4 cxd4 16. Ne2 fxe4 17. dxe4 Bxh3 18. gxh3 g5 19. Bxg5 Qd7 20. Ng1 Qb5 21.
Qg2 Ng6 22. Rf5 Qxb2 23. Raf1 Rfc8 24. Bb3 1-0

[Event "XI R.K.Belyaev Memorial"]
[Site "?"]
[Date "2009.05.26"]
[Round "8"]
[White "Samusenko, Maksim"]
[Black "Talipov, Nafis"]
[Result "1-0"]
[WhiteElo "1902"]
[BlackElo "2051"]
[PlyCount "101"]
[SourceDate "2009.05.19"]

1. e4 d6 2. d4 Nd7 3. Nf3 g6 4. Bc4 e6 5. O-O Bg7 6. Nc3 Ne7 7. Bf4 O-O 8. Qd2
a5 9. a4 b6 10. Bh6 Bb7 11. Rfe1 Nf6 12. Rad1 Re8 13. Qf4 d5 14. Bxg7 Kxg7 15.
exd5 Nexd5 16. Qd2 Nxc3 17. Qxc3 Qd6 18. Qe3 Red8 19. Ne5 Rac8 20. Bb3 Nd5 21.
Qf3 f6 22. Nd3 Ba8 23. Qg4 Re8 24. c4 h5 25. Qh3 Nf4 26. Nxf4 Qxf4 27. Rxe6 f5
28. Qe3 Qxe3 29. Rxe3 Rxe3 30. fxe3 Be4 31. Kf2 Kf6 32. Rd2 Rd8 33. g3 Bc6 34.
Rc2 Be4 35. Rd2 Bc6 36. Bd1 Be8 37. b3 g5 38. Bf3 h4 39. e4 fxe4 40. Bxe4 c6
41. Ke3 b5 42. axb5 cxb5 43. c5 Bf7 44. d5 a4 45. bxa4 bxa4 46. c6 a3 47. c7
Rc8 48. d6 a2 49. d7 a1=Q 50. d8=Q+ Kg7 51. Qxg5+ 1-0